000 00649nam a2200205 i 4500
001 37564
003 ES-MaACL
005 20250907063039.0
007 t|
008 030221s1895 sp ||||1| spa d
100 1 _aBueno, Ángel,
_dfl. 1888-1915
_932373
245 1 0 _aAstronomía popular /
_cAngel Bueno.
260 _aMadrid :
_b[s.n.],
_c1895 (
_fImp. de El Enano)
300 _a192 p. ;
_c16 cm.
490 1 _aPublicaciones del Centro de Educación Moderna
650 7 _aAstronomía
_2embne
_910386
830 0 _aPublicaciones del Centro de Educación Moderna
_9229647
852 _aES-MaACL
_jT-950-F-1
999 _c37564
_d37564